[Event "Challenge"]
[Site "http://www.queenalice.com/game.php?id=873962"]
[Date "2010.12.19"]
[Round "-"]
[White "tortuga"]
[Black "phako"]
[Result "0-1"]
[WhiteElo "1653"]
[BlackElo "1699"]

1. e4 e5 2. d4 Bd6 3. d5 Nf6 4. Nc3 a6 5. Bg5 h6 6. Bxf6 Qxf6 7. Nf3 O-O 8. Qd2
c6 9. O-O-O Bb4 10. a3 Bxc3 11. Qxc3 d6 12. Bc4 b5 13. Ba2 Bg4 14. dxc6 Rc8 15.
c7 Nd7 16. h3 Bxf3 17. gxf3 Ra7 18. Qc6 Rcxc7 19. Qxd6 Qf4+ 20. Rd2 Qxf3 21. Rh2
Kh7 22. Qd5 Nc5 23. Qxe5 Nd3+ 24. Rxd3 Qxd3 25. Bb1 Qf1+ 26. Kd2 Qxb1 0-1

[Event "Challenge"]
[Site "http://www.queenalice.com/game.php?id=892365"]
[Date "2011.1.28"]
[Round "-"]
[White "tortuga"]
[Black "plot24"]
[Result "0-1"]
[WhiteElo "1661"]
[BlackElo "1829"]

1. d4 d5 2. c4 e6 3. cxd5 exd5 4. a3 c5 5. Nf3 Nc6 6. Nc3 Bg4 7. dxc5 d4 8. Ne4
h6 9. Bf4 Nf6 10. Nd6+ Bxd6 11. Bxd6 Bxf3 12. exf3 Nd5 13. Qxd4 Nxd4 14. O-O-O
Rc8 15. Kb1 Qf6 16. Bc4 Nc7 17. Rhe1+ Nde6 18. f4 Qg6+ 19. Ka1 Kd7 20. Re5 Rcd8
21. f5 Qg4 22. fxe6+ fxe6 23. Be2 Qxg2 24. Rc1 Qxf2 25. Kb1 Qf5+ 26. Rxf5 exf5
27. Rf1 b6 28. Rxf5 bxc5 29. Bxc5 a5 30. Bg4 Kc6 31. Be7 Rd5 32. Bf3 Re8 33.
Bxd5+ Nxd5 34. Bh4 Rb8 35. Rf7 g5 36. Be1 Kb5 37. Ra7 a4 38. Ra5+ Kc4 39. Rxa4+
Kb3 40. Ra5 Re8 41. Bd2 Re5 42. Ka1 Kc4 43. Ka2 Re2 44. Ra4+ Kd3 45. Ra5 Ke4 46.
Bc1 Rxh2 47. Ra4+ Kf3 48. Rd4 Nf4 49. a4 Ne2 50. Rd3+ Kg4 51. Rd1 Nc3+ 0-1

[Event "Challenge"]
[Site "http://www.queenalice.com/game.php?id=923506"]
[Date "2011.4.8"]
[Round "-"]
[White "Oguh"]
[Black "tortuga"]
[Result "0-1"]
[WhiteElo "1773"]
[BlackElo "1678"]

1. e4 e5 2. Nf3 Nc6 3. d4 exd4 4. Nxd4 Nxd4 5. Qxd4 b6 6. Nc3 Bb7 7. Bf4 c5 8.
Qe5+ Qe7 9. Qxe7+ Bxe7 10. O-O-O Nf6 11. f3 O-O 12. g4 Rad8 13. Bc7 Rc8 14. Be5
Rcd8 15. Nd5 Bxd5 16. exd5 d6 17. Bf4 Nd7 18. Bb5 Ne5 19. Bxe5 dxe5 20. Rhe1 Bd6
21. h4 Ra8 22. Bc6 Rab8 23. c4 a6 24. a4 f5 25. g5 g6 26. Rd2 Rf7 27. Rh2 h5 28.
gxh6 Rh7 29. Rg2 Kf7 30. Kc2 Kf6 31. Kd3 Rxh6 32. Reg1 Rg8 33. Rh2 e4+ 34. fxe4
Bxh2 35. d6 Bxd6 36. exf5 Kxf5 0-1

[Event "Challenge"]
[Site "http://www.queenalice.com/game.php?id=923508"]
[Date "2011.4.8"]
[Round "-"]
[White "PeterLiberty"]
[Black "tortuga"]
[Result "0-1"]
[WhiteElo "1696"]
[BlackElo "1698"]

1. e4 e5 2. Nf3 Nc6 3. Bb5 d5 4. exd5 a6 5. Bxc6+ bxc6 6. dxc6 f6 7. Nc3 Bg4 8.
O-O Ne7 9. d3 Nxc6 10. Re1 Bb4 11. Bd2 Nd4 12. Re3 O-O 13. a3 Bxc3 14. Bxc3
Nxf3+ 15. Rxf3 c5 16. Qe2 Bxf3 17. Qxf3 Rc8 18. Rd1 a5 19. a4 Qb6 20. Qe4 Qc7
21. Qd5+ Kh8 22. Qc4 Rcd8 23. Qb5 Ra8 24. b3 Rfd8 25. Rd2 f5 26. Re2 e4 27. g3
Rab8 28. Qxa5 Qxa5 29. Bxa5 exd3 30. cxd3 Rxd3 31. Bc7 Rc8 32. Bf4 Rxb3 33. Be3
c4 34. a5 Ra3 35. Bb6 c3 36. Rc2 Rb3 37. a6 Rb2 0-1

[Event "Challenge"]
[Site "http://www.queenalice.com/game.php?id=929454"]
[Date "2011.4.23"]
[Round "-"]
[White "tortuga"]
[Black "Kirita"]
[Result "0-1"]
[WhiteElo "1728"]
[BlackElo "1638"]

1. d4 d5 2. c4 e6 3. Nc3 dxc4 4. e4 Bb4 5. Bxc4 Bxc3+ 6. bxc3 c6 7. e5 b5 8. Bb3
a5 9. a4 b4 10. Bb2 Ne7 11. c4 O-O 12. Nf3 Ng6 13. d5 exd5 14. cxd5 Bg4 15. e6
f6 16. dxc6 Qxd1+ 17. Rxd1 Ne7 18. h3 Bxf3 19. gxf3 Nbxc6 20. Rd6 Rad8 21. Rxd8
Rxd8 22. O-O Ne5 23. Bxe5 fxe5 24. Kg2 g6 25. Re1 Rd3 26. Bc4 Rc3 27. Re4 b3 28.
Rxe5 Rxc4 29. Re2 Rxa4 0-1

[Event "Challenge"]
[Site "http://www.queenalice.com/game.php?id=932805"]
[Date "2011.5.1"]
[Round "-"]
[White "ORNELAS"]
[Black "tortuga"]
[Result "0-1"]
[WhiteElo "1673"]
[BlackElo "1773"]

1. e4 e5 2. c3 Nc6 3. d3 Nf6 4. Bg5 Be7 5. Nf3 d5 6. Nbd2 Bg4 7. h3 Bxf3 8. Nxf3
dxe4 9. Nh4 Nd5 10. Bxe7 Qxe7 11. dxe4 Nf4 12. Nf5 Qf6 13. Qf3 Ne7 14. Bb5+ c6
15. Nxe7 Qxe7 16. Be2 b5 17. O-O O-O 18. Qg4 Rad8 19. Rad1 b4 20. cxb4 Qxb4 21.
Rxd8 Rxd8 22. b3 Qxe4 23. Bf3 Qc2 24. Rd1 Ne6 25. Qa4 Rxd1+ 26. Bxd1 Qxd1+ 27.
Kh2 Qd7 28. f3 g6 29. Qb4 Qc7 30. a4 e4+ 31. Kg1 Qf4 32. fxe4 Qe3+ 33. Kh2 Nf4
34. Qb8+ Kg7 35. Qe5+ Kh6 36. Qe8 Kg7 37. Qe5+ Kh6 38. Qf6 Qxe4 39. Qh4+ Kg7 40.
Qf2 h5 41. g3 Nd3 42. Qc2 Qe3 43. h4 Qf2+ 44. Qxf2 Nxf2 45. Kg2 Ne4 46. b4 Nc3
47. a5 Kf6 48. Kf3 Nd5 49. Ke4 Nxb4 50. Kd4 Na6 51. Ke4 g5 52. hxg5+ Kxg5 53.
Ke5 f6+ 54. Kd6 c5 55. Kc6 c4 56. Kb5 c3 57. Kxa6 c2 58. Kxa7 c1=Q 59. a6 Qc7+
60. Ka8 Qxg3 61. Kb7 Qa3 62. a7 h4 63. a8=Q Qxa8+ 64. Kxa8 h3 65. Kb7 h2 66. Kc7
h1=Q 67. Kb6 Kf5 68. Kc5 Ke5 69. Kb6 Kd6 70. Kb5 Qc6+ 71. Kb4 f5 72. Kb3 f4 73.
Kb2 f3 74. Kb3 f2 75. Kb4 f1=Q 76. Kb3 Qb1+ 77. Ka3 Qa6# 0-1

[Event "Challenge"]
[Site "http://www.queenalice.com/game.php?id=932807"]
[Date "2011.5.1"]
[Round "-"]
[White "ORNELAS"]
[Black "tortuga"]
[Result "0-1"]
[WhiteElo "1686"]
[BlackElo "1760"]

1. e4 e5 2. c3 Nf6 3. d3 d5 4. Nd2 d4 5. Ndf3 Bg4 6. h3 Bxf3 7. Nxf3 Nc6 8. Bg5
Be7 9. c4 a6 10. b3 b5 11. cxb5 Bb4+ 12. Nd2 axb5 13. Be2 Ba5 14. O-O Bc3 15.
Rc1 Rxa2 16. Nf3 Rb2 17. Rb1 Ra2 18. Nh4 h6 19. Bxf6 Qxf6 20. Bf3 Qxh4 21. Be2
Rd2 22. Qe1 Rxd3 23. Qc1 Rd2 24. Qe1 Qxe4 25. Bxb5 Qxe1 26. Rfxe1 Kd7 27. Rxe5
Kd6 28. Rf5 f6 29. Bc4 Ne7 30. Rb5 Ra8 31. Bf1 Ra1 32. Rxa1 Bxa1 33. Ra5 Rd1 34.
Ra6+ Kd7 35. Ra7 Bc3 36. g3 Rb1 37. Kg2 Rxb3 38. Bc4 Nc6 39. Ra8 Rb2 40. Rg8 Rb4
41. Rxg7+ Kd6 42. Bd3 Ne5 43. Bf5 Rb2 44. Rg8 Be1 45. Rd8+ Kc5 46. h4 Rxf2+ 47.
Kh3 Rxf5 48. Rc8 Rf3 49. Rxc7+ Nc6 50. Kg4 Rxg3+ 51. Kf5 Rf3+ 52. Ke6 Re3+ 53.
Kd7 d3 54. Rxc6+ Kd4 55. Rd6+ Ke4 56. Rxf6 d2 57. Re6+ Kf3 58. Rf6+ Ke2 59. Rd6
Rd3 60. Rxd3 Kxd3 61. h5 d1=Q 62. Ke6 Qb3+ 63. Kf6 Qb6+ 64. Kg7 Bc3+ 65. Kf7
Qf6+ 66. Ke8 Qe6+ 67. Kf8 Bb4+ 68. Kg7 Bc3+ 69. Kf8 Qf5+ 70. Ke8 Qxh5+ 71. Kd7
Qd5+ 72. Ke7 Ke4 73. Ke8 Kf5 74. Kf8 Bb4+ 75. Kg7 Kg5 76. Kh7 Qf7+ 77. Kh8 Bc3#
0-1

[Event "AUTO-ADV-2161"]
[Site "http://www.queenalice.com/game.php?id=938784"]
[Date "2011.5.16"]
[Round "1"]
[White "redstar"]
[Black "tortuga"]
[Result "0-1"]
[WhiteElo "1870"]
[BlackElo "1735"]

1. e4 e5 2. Nf3 Nc6 3. Bb5 d5 4. Nxe5 Bd7 5. Nxd7 Qxd7 6. e5 Qf5 7. Bxc6+ bxc6
8. O-O Ne7 9. Re1 Qe6 10. c3 Ng6 11. d4 Be7 12. f4 c5 13. Rf1 f5 14. exf6 Qxf6
0-1

[Event "AUTO-ADV-2161"]
[Site "http://www.queenalice.com/game.php?id=938785"]
[Date "2011.5.16"]
[Round "1"]
[White "tortuga"]
[Black "redstar"]
[Result "1-0"]
[WhiteElo "1712"]
[BlackElo "1897"]

1. e4 c5 2. Nf3 d6 3. d4 cxd4 4. Qxd4 Nc6 5. Qd1 Nf6 6. Nc3 g6 7. Bb5 Bg7 8. Bg5
O-O 9. O-O a6 10. Bd3 Be6 11. Qd2 Re8 12. Bh6 Bh8 13. Qf4 Nh5 14. Qe3 b5 15. a3
Bc8 16. Nd1 1-0

[Event "AUTO-ADV-2161"]
[Site "http://www.queenalice.com/game.php?id=938800"]
[Date "2011.5.16"]
[Round "1"]
[White "Fauquinelle"]
[Black "tortuga"]
[Result "0-1"]
[WhiteElo "1701"]
[BlackElo "1802"]

1. d4 d5 2. c4 Nc6 3. Nf3 Nf6 4. Nc3 Bg4 5. e3 e5 6. Qb3 e4 7. Nd2 b6 8. cxd5
Na5 9. Qa4+ Bd7 10. Bb5 Bxb5 11. Qxb5+ Nd7 12. Ndxe4 Be7 13. O-O O-O 14. b4 Nb7
15. a3 Nf6 16. Qc6 Nd6 17. Ng3 b5 18. Nxb5 Nxb5 19. Qxb5 Nxd5 20. Bb2 Rb8 21.
Qc4 Nb6 22. Qc2 Nd5 23. e4 Nf4 24. Rad1 a6 25. Nf5 Nh5 26. Qe2 Nf6 27. Qf3 Re8
28. Qg3 g6 29. Rc1 Bd6 30. e5 Nh5 31. exd6 Nxg3 32. dxc7 Ne2+ 33. Kh1 Qg5 34.
cxb8=Q Rxb8 35. Rc2 Nf4 36. Ne3 Qb5 37. Rd1 Qh5 38. Rcd2 Rd8 39. d5 Qg5 40. g3
Nh3 41. f4 Qe7 42. Re1 Qe4+ 43. Ng2 Qf5 44. Rde2 f6 45. Ne3 Qe4+ 46. Ng2 Qxd5
47. Bxf6 Rc8 48. Bb2 Qf3 49. Bd4 Rd8 50. Bf6 Rc8 51. Bd4 Qxa3 52. Ne3 Qxb4 53.
Nc2 Qb7+ 54. Re4 Rxc2 0-1

[Event "AUTO-ADV-2161"]
[Site "http://www.queenalice.com/game.php?id=938801"]
[Date "2011.5.16"]
[Round "1"]
[White "tortuga"]
[Black "Fauquinelle"]
[Result "0-1"]
[WhiteElo "1760"]
[BlackElo "1694"]

1. d4 Nf6 2. Nc3 d5 3. g3 Bf5 4. Bg2 e6 5. Bg5 h6 6. Bxf6 Qxf6 7. Nf3 Bb4 8. O-O
Nc6 9. Nb5 O-O-O 10. a4 a6 11. c3 Be7 12. Na3 Na5 13. b4 Nc6 14. b5 Nb8 15. b6
c5 16. c4 Be4 17. cxd5 Rxd5 18. e3 Nc6 19. Nb1 cxd4 20. exd4 Bxf3 21. Qxf3 Qxd4
22. Nc3 Rd7 23. a5 Qf6 24. Qxf6 Bxf6 25. Rac1 Kb8 26. Na4 Bd4 27. Bxc6 bxc6 28.
Rxc6 Rc8 29. Rfc1 Rxc6 30. Rxc6 Kb7 31. Rc4 Rd5 32. Kg2 Be5 33. Rc5 Bd6 34. Rxd5
exd5 35. Kf3 Bb4 36. Ke3 Bxa5 37. Kd4 Bxb6+ 38. Nxb6 Kxb6 39. Kxd5 Kb5 40. Kd4
Kb4 41. Kd3 Kb3 42. Kd2 Kb2 0-1

[Event "AUTO-ADV-2161"]
[Site "http://www.queenalice.com/game.php?id=938810"]
[Date "2011.5.16"]
[Round "1"]
[White "BOSQUES"]
[Black "tortuga"]
[Result "0-1"]
[WhiteElo "1806"]
[BlackElo "1785"]

1. g3 e5 2. Bg2 d5 3. d3 d4 4. e3 Nc6 5. a3 Nf6 6. Nf3 Bg4 7. O-O Qd7 8. exd4
Nxd4 9. c3 Nxf3+ 10. Bxf3 e4 11. Bxg4 Nxg4 12. Re1 f5 13. f3 Nf6 14. Bg5 O-O-O
15. Bxf6 gxf6 16. d4 Re8 17. fxe4 fxe4 18. Re3 Bh6 19. Re2 e3 20. Qd3 Rhg8 21.
a4 f5 22. Na3 Re4 23. Nb5 Kb8 24. a5 a6 25. Na3 Qe6 26. Nc4 f4 27. Nxe3 fxg3 28.
Rae1 gxh2+ 29. Kh1 Bxe3 30. Rxe3 Rg1+ 31. Rxg1 hxg1=Q+ 32. Kxg1 Rxe3 33. Qxh7
Qg4+ 0-1

[Event "AUTO-ADV-2161"]
[Site "http://www.queenalice.com/game.php?id=938811"]
[Date "2011.5.16"]
[Round "1"]
[White "tortuga"]
[Black "BOSQUES"]
[Result "1-0"]
[WhiteElo "1741"]
[BlackElo "1825"]

1. d4 d5 2. g3 b6 3. Bg2 Bb7 4. Nc3 e6 5. e4 c6 6. e5 c5 7. Nf3 Ba6 8. Na4 Ne7
9. Bg5 Nd7 10. b3 c4 11. bxc4 Bxc4 12. Nb2 b5 13. Nxc4 bxc4 14. O-O f6 15. Bf4
Nc6 16. c3 Be7 17. Bh3 Kf7 18. Rb1 h6 19. Qc2 f5 20. Nh4 Bxh4 21. Qa4 Rc8 22. g4
Nb6 23. Qc2 Ne7 24. gxf5 Bg5 25. fxe6+ Ke8 26. Qe2 Bxf4 27. Qf3 g5 28. Qh5+ 1-0

[Event "Challenge"]
[Site "http://www.queenalice.com/game.php?id=956250"]
[Date "2011.7.2"]
[Round "-"]
[White "tortuga"]
[Black "elena"]
[Result "0-1"]
[WhiteElo "1841"]
[BlackElo "1936"]

1. d4 d5 2. c4 dxc4 3. e4 b5 4. a3 c6 5. e5 e6 6. Nf3 h6 7. Nc3 Be7 8. Be2 Nd7
9. b3 Nb6 10. bxc4 bxc4 11. Na4 Ba6 12. Nc5 Bxc5 13. dxc5 Nd5 14. Qa4 Bb5 15.
Qc2 c3 16. Nd4 Bxe2 17. Qxe2 Nge7 18. Qg4 Kf8 19. O-O Rc8 20. Rb1 Qc7 21. Be3
Qxe5 22. Nf3 Qc7 23. Bd4 Ng6 24. Rfe1 Qf4 25. Qxf4 Ngxf4 26. Rb3 Ng6 27. Bxc3
Nxc3 28. Rxc3 Rc7 29. Rd1 Kg8 30. g3 Kh7 31. h4 Rb8 32. g4 Nf4 33. Rc4 Nd5 34.
Kh2 Rb2 35. Kg3 Rb3 36. a4 f5 37. gxf5 exf5 38. Rdd4 Re7 39. Rd2 Re4 40. Rdd4
Rxd4 41. Rxd4 Rc3 42. h5 Rxc5 43. Ne5 Nc3 44. Kf3 Rxe5 0-1

[Event "Challenge"]
[Site "http://www.queenalice.com/game.php?id=958031"]
[Date "2011.7.8"]
[Round "-"]
[White "tortuga"]
[Black "APSHOOTER"]
[Result "1-0"]
[WhiteElo "1814"]
[BlackElo "1740"]

1. d4 d5 2. c4 e6 3. cxd5 Qxd5 4. Nc3 Qc6 5. e4 Bb4 6. Bd2 Bxc3 7. Bxc3 Nf6 8.
d5 exd5 9. exd5 Qd6 10. Qe2+ Kd7 11. Qb5+ c6 12. dxc6+ Nxc6 13. Rd1 Re8+ 14. Ne2
Qxd1+ 15. Kxd1 a6 16. Qd3+ Ke7 17. Qe3+ Be6 18. Qc5+ Kd7 19. Nf4 Ne4 20. Qe3
Bxa2 21. f3 Nxc3+ 22. Qxc3 Rad8 23. Bc4 Kc8+ 24. Kc1 Bxc4 25. Qxc4 Rd4 26. Qxf7
Re7 27. Qf5+ Rdd7 28. Rd1 Ne5 29. Nd3 g6 30. Qh3 h5 31. Nxe5 1-0

[Event "Challenge"]
[Site "http://www.queenalice.com/game.php?id=960314"]
[Date "2011.7.14"]
[Round "-"]
[White "plot24"]
[Black "tortuga"]
[Result "1-0"]
[WhiteElo "1796"]
[BlackElo "1827"]

1. e4 e5 2. f4 Nc6 3. fxe5 Nxe5 4. Nf3 d6 5. d4 Nc6 6. Nc3 Bg4 7. Bb5 Nf6 8. O-O
d5 9. exd5 Nxd5 10. Qe1+ Qe7 11. Qxe7+ Bxe7 12. Nxd5 Rd8 13. Nxc7+ Kd7 14. Nd5
Kc8 15. Bxc6 bxc6 16. Nxe7+ Kd7 17. Nxc6 Kxc6 18. Be3 Be6 19. a4 f6 20. b3 Rhe8
21. c4 Kc7 22. Rfe1 Bf5 23. d5 Bc2 24. Nd4 Rb8 25. Bf4+ 1-0